000 00409nam a2200157Ia 4500
005 20250321020657.0
008 240331s9999 xx 000 0 und d
020 _a9789550171552
082 _bALA
_a891
100 _aAlahakone,S
245 0 _aWeli kathare Susuma
260 _ameerigama
_bAsirwad publication
_c2011
300 _a119 p .,
500 _aA love story based in doctor and prisoner
942 _cL
999 _c5789
_d5789